[Event "Rubinstein Memorial 35th"]
[Site "Polanica Zdroj"]
[Date "1998.08.17"]
[Round "1"]
[White "Krasenkow, Michal"]
[Black "Karpov, Anatoly"]
[Result "1-0"]
[WhiteElo "2655"]
[BlackElo "2725"]
[Annotator "Donev,I"]
[PlyCount "103"]
[EventDate "1998.08.17"]
[EventType "tourn"]
[EventRounds "11"]
[EventCountry "POL"]
[EventCategory "17"]
[SourceTitle "CBM 067"]
[Source "ChessBase"]
[SourceDate "1998.11.30"]
[SourceVersion "2"]
[SourceVersionDate "1998.11.01"]
[SourceQuality "1"]

1. d4 {Krasenkow (Schach 10/98). Ftacnik} Nf6 2. c4 e6 3. Nf3 d5 4. Nc3 Be7 5.
Bf4 O-O 6. e3 c5 7. dxc5 Bxc5 8. a3 Nc6 9. b4 Be7 10. cxd5 Nxd5 $5 {Räumt das
Feld f6 für den Läufer.} 11. Nxd5 exd5 {[%csl Rd5][%mdl 16] Auf dem Brett
ensteht eine von den populärsten Mittelspiel Bauernstrukturen - Der isolierte
Damenbauer! Es ist bemerkennswert zu sehen wie der Anziehende seine Figuren
umgruppiert um die schwäche des Isolani auszunützen.} 12. Bd3 Bf6 (12... Bg4 {
Ftacnik} 13. O-O Bf6 14. Ra2 Re8 15. Rd2 Qb6 16. Be2 Ne7 17. Nd4 Bxe2 18. Qxe2
Ng6 19. Qd3 Nxf4 20. exf4 a5 21. g3 axb4 22. axb4 Qxb4 23. Rb1 Qe7 24. Nf5 {
Halldorsson,B-Schmidt Schaeffer,S/Hellir op/1997/1-0 (61)}) 13. Rc1 Bg4 $1 (
13... Re8 {Ftacnik} 14. O-O Bg4 15. h3 Bxf3 16. Qxf3 Ne5 17. Bxe5 Rxe5 18. Rfd1
Qd6 19. Bc4 Rd8 20. Bb3 b6 21. Rd3 a5 22. Rcd1 Qf8 23. Bxd5 {1-0 Mikhalchishin,
A-Nielsen,P/Copenhagen op/1991/ (29)}) (13... a6 {Ftacnik} 14. O-O g6 (14...
Be6 15. Bb1 Qe7 16. e4 Qd7 (16... Qd8 17. Qd3 dxe4 18. Qxe4 g6 19. Rfd1 Qb6 20.
Be3 Qc7 21. Ng5 Rfe8 22. Qh4 h5 23. Nxe6 Rxe6 24. Qc4 Qe7 25. Ba2 {1-0
Krasenkow,M-Van der Sterren,P/WCh FIDE k.o./1997 (43)}) 17. Ng5 Bxg5 18. Bxg5
d4 19. Rc5 f6 20. Bf4 b6 21. Rc1 Ne5 22. Bxe5 fxe5 23. Qh5 Qd6 24. Bd3 Bf7 {
0-1 Dreev,A-Lutz,C/Dortmund/1994/ (42)}) (14... Re8 15. Bb1 g6 16. Ba2 Be6 17.
Qd3 d4 18. Bxe6 Rxe6 19. e4 Qe7 20. Nd2 Be5 21. Bg3 Bxg3 22. hxg3 Ne5 23. Qb3
Rd8 24. Rc5 d3 {Beliavsky,A-Short,N/WCh FIDE k.o./1997/0-1 (53)}) 15. h3 Qe7
16. Qd2 Be6 17. Rc2 Qd7 18. Rd1 d4 19. Rcc1 dxe3 20. Qxe3 Rfd8 21. Bg5 Qe7 22.
Be4 Rxd1+ 23. Rxd1 Rd8 24. Rxd8+ Nxd8 25. Qf4 {1-0 Nielsen,P-Barkhagen,J/
WchJM-U18/1991/ (37)}) 14. O-O (14. b5 Qa5+ 15. Qd2 (15. Ke2 Ne5) (15. Kf1 Bxf3
16. Qxf3 Qxa3) 15... Qxd2+ 16. Kxd2 (16. Nxd2 Ne5) 16... Na5 $132) 14... Qe7 {
Der Nachziehende will einen Turm auf d8 plazieren.} 15. h3 Bxf3 (15... Bh5 {
Ftacnik} 16. g4 Bg6 17. Bxg6 hxg6 18. Qxd5 $16) 16. Qxf3 {Ftacnik: 'White
enjoys pleasant plus with bishops pair and only one weakness of his own-a3
pawn.'} Rfd8 17. Rfd1 g6 (17... Bb2 $2 18. Rc2 Bxa3 19. b5 Nb4 (19... Ne5 {
[%tqu "De","Mit welche Kombination bekommt Weiß Vorteil?","","","d3h7","",10]}
20. Bxh7+ $1 Kxh7 21. Qh5+ Kg8 22. Bxe5 $16) 20. Rc7 Qf6 (20... Rd7 {Ftacnik}
21. Bg5 Qe6 22. Bf5 Rxc7 23. Bxe6 fxe6 24. e4 $16) 21. Rxb7 $14) 18. Bb1 $1 {
[%cal Yb1a2,Ya2d5] Ftacnik: 'There is no satisfactory solution for the weak d5
pawn.'} Ne5 $6 (18... Bb2 $142 19. Rc2 Bxa3 20. b5 Ne5 21. Bxe5 Qxe5 22. Ba2
Qe7 (22... Qe4 {Ftacnik} 23. Rc7 Qxf3 24. gxf3 $16) 23. Bxd5 Rd7 $11 {/\Rad8})
(18... d4 {Ftacnik} 19. Be4 dxe3 20. Rxd8+ Rxd8 21. Qxe3 $14) 19. Bxe5 Bxe5 20.
Ba2 {[%csl Rd5][%cal Yd1d5,Yf3d5,Ya2d5] Die schwarze Stellung hat sich nachdem
Leichtfigurenabtausch im Mittelspiel verschlechtert. Jetzt kann Schwarz seinen
schwachen Zentralbauer nicht mehr retten.} a5 {Karpov entschließt sich den
isolierte Pd5 kampflos preiszugeben und öffnet dem Nachziehenden die a-Linie,
um Gegenspiel aufziehen zu können.} (20... Bb2 21. Rb1 Bxa3 22. Rxd5 Rxd5 23.
Qxd5 Rc8 (23... Bxb4 $2 24. Rxb4 Qxb4 25. Qxf7+ Kh8 26. Qf6#) 24. Qa5 Rc1+ 25.
Rxc1 Bxc1 26. Qxa7 Qxb4 27. Qb8+ Qf8 $14) (20... d4 21. exd4 Rxd4 (21... Bxd4
22. Bd5 $16 {[%cal Yd5b7,Yd1d4] ><b7} (22. Bd5 {Ftacnik} Bb2 23. Re1 Qf6 24.
Qxf6 Bxf6 25. Bxb7 $16)) 22. Re1 Rf8 23. Rc5 $1 $16) 21. Bxd5 {Der Verlust
eines Bauern hätte bei Karpov in früheren Jahren wegen der ungleichfarbigen
Läufer und der Möglichkeit von Gegenspiel kaum Probleme ausgelöst.} Rd7 (21...
axb4 {Ftacnik} 22. axb4 Rd7 23. Rc4 $16) 22. Rc4 {Ftacnik: 'Krasenkow has won
a pawn and the bishop on d5 is a dominating piece.'} (22. bxa5 Kg7 $1 $14 (
22... Rxa5 $2 23. Bxf7+ $1 Kg7 $16 (23... Qxf7 24. Rc8+ Kg7 25. Rxd7 Qxd7 26.
Qf8#)) (22... Qxa3 {Ftacnik} 23. Bxb7 Rxd1+ 24. Rxd1 Rxa5 $14)) 22... axb4 23.
axb4 Kg7 (23... b5 $2 {Ftacnik} 24. Bxf7+ $18) 24. b5 Rad8 25. e4 (25. Rd3 Bb8
26. g3 f5 27. e4 Qe5 $1 {die Fesselung auf der d-Linie ist unangenehm für Weiß.
}) 25... h5 $1 {Die Idee dieses Zuges ist einfach. Nach h5-h4 will Karpov die
Stellung schwarzfeldrig blockieren.} 26. Qe3 (26. Rdc1 {Ftacnik} Ra8 $14) 26...
Qf6 (26... Qh4 $5 {Ftacnik} 27. b6 $14) 27. g3 h4 $1 {Ftacnik: 'Karpov has to
fight against the march of white pawns along the dark squares.' Karpov
versucht die weiße Königsstellung abzuschwächen um Gegenspiel am Königsflügel
zu bekommen.} (27... g5 {Ftacnik} 28. Rf1 Qg6 29. Kh1 g4 30. Kg2 $14) 28. Rf1
hxg3 (28... g5 {Ftacnik} 29. f4 Bb8 (29... gxf4 30. gxf4 Bc7 31. Kh1 $16) 30.
fxg5 Qe5 31. Rf3 hxg3 32. Rc3 (32. Rc1 $2 Rxd5 33. exd5 Qxe3+ 34. Rxe3 Ba7 $19)
32... Re8 33. h4 $16) 29. f4 (29. fxg3 {Ftacnik} Qd6 $14) 29... Bc7 30. Qxg3
Qb6+ $6 (30... Bb6+ $142 31. Kh1 Rxd5 $1 32. exd5 Rxd5 33. Rb4 Qf5 {[%cal
Yd5d3,Yd5b5] Schwarz hat gute Remis Chancen.}) (30... Rh8 $5 {Ftacnik}) 31. Kg2
Qf6 32. Qc3 {Nach dem Damentausch hat Schwarz keine Drohungen mehr gegen den
weißen Monarchen, sondern ein schwer zu verteidigendes Endspiel.} (32. Bxb7 $2
{Ftacnik} Rd2+ 33. Kh1 R8d3 $19) 32... Qxc3 33. Rxc3 {Ftacnik: 'The endgame is
very unpleasant for black, but opposite coloured bishops are an important
drawing factor.'} Bb6 34. Rfc1 Ra8 35. Kf3 (35. Rc8 {Ftacnik} Ra5 36. Rb1 f5
$14) 35... Ra5 36. Rb1 Ra4 37. h4 f5 {'?!' Ftacnik.} (37... Bd8 {Ftacnik} 38.
Kg3 Kh6 39. Rd3 $14) 38. Rd3 (38. Rbc1 {Ftacnik} Bd8 39. Rh1 Bf6 40. Re3 $14)
38... fxe4+ 39. Bxe4 Rxd3+ $2 {Ein Zeitnotfehler, der die schlechte Verfassung
des Fide-Weltmeisters zeigt. Gut genug für den halben Punkt war:} (39... Re7 $1
40. Re1 (40. Bxg6 Kxg6 41. Rd6+ Kf5 42. Rxb6 Rxf4+ 43. Kg3 Rg7+ 44. Kh3 Rh7 {
Und nach dem unvermeidlichen Th4 ist das Remis gesichert.}) 40... Bc7 {/\Rf7} (
40... Bc5 {Ftacnik} 41. Re2 Rb4 42. Rd5 Rxb5 43. Rg5 $16) 41. b6 Bxb6 42. Rd6
Ra3+ 43. Kg2 Ra2+ 44. Kf3 (44. Kh1 Bf2 45. Rxg6+ Kf8 46. Rf6+ Kg7 47. Rg6+ $11)
44... Ra3+ $11) 40. Bxd3 {Krasenkow (Schach 10/98): '[#] '} Bc7 $6 {'?'
Krasenkow (Schach 10/98). Krasenkow (Schach 10/98): 'Erlaubt es Weiß, seinen
Läufer zu aktivieren. Richtig war:'} (40... Ra3 41. Rd1 Kf6 42. Kg4 Bf2 43. h5
gxh5+ 44. Kxh5 Rc3 $14 {Krasenkow (Schach 10/98): 'und Weiß kommt nicht weiter.
'}) 41. Be4 Ra3+ $2 {Krasenkow (Schach 10/98): 'Ein zu schneller Zug in
vermeintlicher Zeitnot, der den weißen König zum Leben verhilft und Schwarz
auf Verlust stellt. '} (41... Kf6 42. Rd1 (42. b6 Bd6 43. Rd1 {'+/-' Ftacnik.}
Ke7) 42... Ke6 43. Rg1 Ra3+ 44. Kg4 Ra4 $14 {Krasenkow (Schach 10/98): 'war
vermutlich immer noch remis.'}) 42. Kg4 Ra4 43. Rd1 $1 {'+-!' Krasenkow 
(Schach 10/98). Ftacnik: 'At long last white rook can penetrate into black's
camp with a decisive effect.'} (43. Rc1 Ba5 $1 44. Bxb7 Rxf4+ $1 {'=!'
Krasenkow (Schach 10/98).} 45. Kxf4 Bd2+ $11 {[%cal Yd2f4,Yd2c1]}) 43... Rc4 (
43... Kf6 44. Rd7 Bb8 45. Rxb7 Bd6 46. Rb6 Ke6 47. Bxg6 $18 (47. Bxg6 {
Krasenkow (Schach 10/98)} Rxf4+ 48. Kg5 Rf8 49. h5 Rb8 50. Rxb8 Bxb8 51. h6 Be5
52. h7 Z0 53. Bh5 Z0 54. Kg6 Z0 55. b6 Z0 56. b7 $18)) ({auch} 43... Kh6 {
rettet die Partie nicht, wegen:} 44. Rd7 $1 Be5 45. Kf3 Ra3+ 46. Bd3 Bg7 47.
Kg4 $1 $18) (43... Rxe4 {Ftacnik} 44. Rd7+ Kf6 45. Rxc7 Re1 46. Rxb7 Rg1+ 47.
Kf3 $18) 44. Rd7+ Kf8 (44... Kf6 45. b6 $1 Bb8 (45... Bxb6 46. Bd5 $1 Rc7 47.
Rd6+ {'+-' Krasenkow (Schach 10/98).}) (45... Rxe4 46. Rxc7 $18) 46. Rd8 $1 (
46. Rxb7 {Ftacnik} Bd6 47. Rf7+ Kxf7 48. Bd5+ Kf6 49. Bxc4 Bc5 50. b7 Bd6 51.
Bd3 Bc7 52. Bxg6 Kxg6 53. h5+ Kf6 54. f5 Kg7 55. Kg5 Kf7 (55... Bd8+ 56. f6+
Bxf6+ 57. Kf5 $18) 56. h6 $18) 46... Rxe4 47. Rf8+ $1 Kg7 48. Rxb8 Re7 49. Rc8
$18 {/\50.Rc7}) 45. Bxg6 Rxf4+ 46. Kg5 Rc4 (46... Be5 {Ftacnik} 47. Rd5 Bc7 48.
b6 $18) 47. h5 Bf4+ (47... Rc5+ {Krasenkow (Schach 10/98)} 48. Kf6 Be5+ 49. Ke6
Rxb5 50. h6 Rb6+ 51. Kxe5 Rxg6 52. Rd8+ Ke7 53. h7 $18) 48. Kf6 Rc8 49. h6 $1
Kg8 (49... Bxh6 50. Rh7 $18 (50. Rh7 {Ftacnik} Kg8 51. Rxh6 $18)) 50. Bf5 $1
Re8 (50... Bxh6 {Ftacnik} 51. Be6+ Kh8 52. Kg6 $18) 51. Be6+ {Krasenkow 
(Schach 10/98): 'komplizierter und mit Fallenspiel verbunden wäre:'} (51. Rg7+
Kh8 52. Kf7 Rf8+ $1 53. Kg6 $1 Rg8 54. Be6 $1 $18) 51... Kh8 52. Bc4 {/\53.Kg6}
(52. Bc4 Re4 (52... Bxh6 53. Kg6 $18) (52... Re3 {Ftacnik} 53. Rd8+ Kh7 54.
Bd3+ Rxd3 (54... Kxh6 {Krasenkow (Schach 10/98)} 55. Rh8#) 55. Rxd3 $18) 53.
Be6 $18) 1-0

[Event "RUS-ch m3-4"]
[Site "Elista"]
[Date "1997.05.21"]
[Round "1.3"]
[White "Ivanov, Sergey"]
[Black "Bezgodov, Alexei"]
[Result "1/2-1/2"]
[WhiteElo "2515"]
[BlackElo "2570"]
[Annotator "Donev,I"]
[PlyCount "95"]
[EventDate "1997.04.19"]
[EventType "k.o."]
[EventRounds "6"]
[EventCountry "RUS"]
[SourceTitle "CBM 059"]
[Source "ChessBase"]
[SourceDate "1997.08.01"]
[SourceVersion "1"]
[SourceVersionDate "1997.08.01"]
[SourceQuality "1"]

1. d4 d5 2. c4 e6 3. Nc3 Nf6 4. Bf4 Be7 5. e3 O-O 6. Nf3 Nh5 {Eine seltene
Variante.Üblich ist 6...c7-c5.Die Idee des frühere Springer Zug ist den
Abtasch für den weiße Läufer, um den Nachziehenden das Läuferpaar Vorteil zu
bekommen.} 7. Bg3 g6 {Schwarz muß mit dem Abtausch nicht eilen , weil nach 7...
Ng3 8.hg3 wird den h-Linie geöfnet.In diesem Fall kann der Anziehenden die
lange Rochade vorbereiten mit starke Königsangrif.} 8. Qc2 b6 9. Rd1 (9. cxd5
exd5 10. Nb5 Nxg3 11. hxg3 c5) 9... Bb7 10. cxd5 exd5 11. Be2 Nd7 12. O-O Re8
13. a3 Nxg3 14. hxg3 {Jetzt für den Nachziehenden auf die Halboffene h-Linie
keine gefahr besteht..} c6 15. b4 {Der so genante Minderheitsangrif.} Rc8 16.
Qa4 a6 17. Qb3 Bd6 18. Rfe1 Kg7 19. Bd3 f5 {Vermeidet den Öffnung des Zentrum
mittels e3-e4.} 20. a4 b5 $1 {[%csl Gc4][%cal Yd7b6,Yb6c4] Eine klassische
Positionelle Plan gerichtet gegen den weiße Minderheitsangrif. Die Idee ist
enfach.Schwarz bildet den schwache c6 Bauern aber, dafür ist auch den schwache
weiße b4-Bauern auch blockiert.Optimal ist wen der Nachziehenden den Springer
auf den starke Vorposten c4 überführen kann.} 21. axb5 (21. a5 Qe7 22. Rb1 Nf6
$11) 21... axb5 {[%csl Rb4,Rc6]} 22. Ra1 Ra8 23. Rxa8 Qxa8 24. Qb2 Qd8 25. Ra1
Bb8 26. Ne2 Qf6 27. Nf4 Nb6 28. Bc2 Re7 29. Qc3 Nc4 30. Nd3 h5 {Jetzt kann der
Nachziehende seine Angriffsapetite am Königsflügel zeigen.} 31. Nc5 Bd6 32. Bd3
Bc8 33. Ra8 Rc7 34. Bxc4 bxc4 35. Ne5 h4 36. gxh4 Qxh4 37. g3 Qh3 38. Qa1 c3
39. Ra7 (39. Qxc3 Kf6 $1 {[%cal Yc7h7] Die Idee Rh7 ist unangenehm!}) 39... c2
40. Rxc7+ Bxc7 41. Qc1 f4 $1 42. exf4 Bf5 $2 {Im Rapid Schach oft Passiert
solche Fälle. Eine Seite hat Positionelle Vorteil bekommen, dafür aber viel
Zeit verbraucht, und schließlich in der Zeitnot seine Vorteil verpatzt.} (42...
Bxe5 $1 43. fxe5 (43. dxe5 Bf5 44. e6 (44. Ne6+ Kh6 $1 45. Ng5 Qg4 $19) 44...
Qg4 45. e7 Qd1+ $19) 43... Bg4 44. Ne6+ Bxe6 45. Qxc2 Bd7 $19) 43. Ned3 Bd6 44.
Qxc2 Bxc5 45. Qxc5 Bxd3 46. Qe7+ Kg8 47. Qe8+ Kg7 48. Qe7+ 1/2-1/2

[Event "Dos Hermanas 10th"]
[Site "Dos Hermanas"]
[Date "1999.04.07"]
[Round "2"]
[White "Topalov, Veselin"]
[Black "Karpov, Anatoly"]
[Result "1/2-1/2"]
[WhiteElo "2700"]
[BlackElo "2710"]
[Annotator "Donev,I"]
[PlyCount "45"]
[EventDate "1999.04.06"]
[EventType "tourn"]
[EventRounds "9"]
[EventCountry "ESP"]
[EventCategory "19"]
[SourceTitle "CBM 071"]
[Source "ChessBase"]
[SourceDate "1999.08.01"]
[SourceVersion "1"]
[SourceVersionDate "1999.08.01"]
[SourceQuality "1"]

1. Nf3 Nf6 2. c4 e6 3. Nc3 d5 4. d4 Be7 5. Qc2 Na6 (5... Nc6 6. cxd5 exd5 7.
Bg5 Be6 8. e3 a6 9. a3 h6 10. Bxf6 Bxf6 11. Bd3 O-O 12. O-O Ne7 13. Rac1 c6 14.
Na4 Qd6 15. Nc5 Bc8 16. Rfe1 b6 17. e4 dxe4 18. Nxe4 Qf4 19. Bc4 Ra7 20. Re3
Rc7 21. Ba2 Rd7 22. Nxf6+ Qxf6 23. Rce1 Nf5 24. Re8 Nxd4 25. Nxd4 Rxd4 26.
Rxf8+ Kxf8 27. Qh7 Be6 28. Qh8+ Ke7 29. Qb8 Rd2 30. Qxb6 Qxb2 31. Qc5+ Kd7 32.
Bxe6+ fxe6 33. Qa7+ Kd6 34. h3 Qd4 35. Qb8+ Ke7 36. Qc7+ Kf6 37. Qg3 Rd3 38.
Qb8 Rd1 39. Qf8+ Kg6 40. Qe8+ Kh7 41. Qxe6 Rxe1+ 42. Qxe1 Qd3 43. Qc1 Qb5 44.
Qc2+ Kh8 45. Qe4 c5 46. a4 Qb4 47. Qa8+ Kh7 48. Qxa6 c4 49. a5 Qb1+ 50. Kh2 c3
51. Qc4 {1/2-1/2 Miles,A-Barua,D/New York 1987/CBM 02 (51)}) 6. a3 (6. Bg5 Nb4
7. Qb1 c5 8. dxc5 d4 9. a3 Nc6 10. Ne4 Nxe4 11. Bxe7 Qxe7 12. Qxe4 Qxc5 13. e3
dxe3 14. fxe3 O-O 15. b4 Qe7 16. Be2 f5 17. Qc2 e5 18. O-O e4 19. Nd2 Be6 20.
Qc3 Qc7 21. Rac1 Rad8 22. Nb3 Qe5 23. b5 Qxc3 24. Rxc3 Ne5 25. Nd4 Bc8 26. c5
g5 27. c6 f4 28. Rc5 Rfe8 29. cxb7 Bxb7 30. Nc6 f3 31. Nxd8 fxe2 32. Nxb7
exf1=Q+ 33. Kxf1 h6 34. Nd6 Re6 35. Rc8+ Kh7 36. Rc7+ Kg8 37. Nxe4 Ng4 38. Nc5
Nxe3+ 39. Ke2 Re8 40. Rxa7 Nxg2+ 41. Kf2 Nh4 42. b6 Rf8+ 43. Ke2 Re8+ 44. Kd1 {
1-0 Ivanov,S-Bezgodov,A/Elista 1997/CBM 59 (44)}) 6... c5 7. e3 cxd4 8. exd4
dxc4 9. Bxc4 Nc7 {[%csl Rd5][%cal Yc7d5] Der schlecht am Rand stehende
Springer strebt zum wichtigen Zentralfeld d5.} 10. O-O O-O 11. Rd1 {Das
einzige Problem des Nachziehenden ist, die Entwicklung des Läufers c8. Karpov
findet ganz einfach die Lösung, die zum Ausgleich genügend.} b6 12. Ne5 Bb7 13.
Rd3 $5 {[%cal Yd3h3,Yc1g5,Yg5f6,Yc2d3] Der junge bulgarische Supergroßmeister
zeigt seine Ambitionen die Partie mittels Angriff am Königsflügel zu gewinnen.
Sein Plan ist Bg5, Rh3 nebst Bxf6 und damit starke Drohungen gegen den
schwarzen Monarchen.} (13. Ba2 Ncd5 14. Qd3 Rc8 15. Qh3 Nxc3 16. bxc3 b5 17. a4
bxa4 18. Bd2 Bd5 19. c4 Be4 20. Bf4 Qa5 21. Bg5 Rfd8 22. d5 Bf5 23. Qh4 h6 24.
Bd2 Qc7 25. Nc6 Nxd5 26. Nxe7+ Nxe7 27. Bf4 Rxd1+ 28. Rxd1 Rd8 29. Rc1 Qd7 30.
Qh5 Ng6 31. Be3 Ne5 32. h3 Nd3 33. Rd1 Qc7 34. c5 Rc8 35. Qh4 Qa5 36. Qe7 Nb4
37. Rd7 Rf8 38. Bd2 Qb5 39. Rb7 Qe2 40. Bxb4 a5 41. Ba3 Qxa2 42. c6 Qa1+ 43.
Kh2 Qe5+ 44. Kg1 Qe1+ {1/2-1/2 Wallace,J-Saw,G/Gold Coast 1999/CBM 69 ext (44)}
) 13... b5 {Karpov sucht Gegenspiel am Damenflügel.} 14. Ba2 a5 15. Bg5 b4 {
Raumgewinn} 16. Rh3 {[%cal Yh3h7,Yc2h7]} Nce8 17. Nb5 (17. Ng4 g6 (17... h6 18.
Bxf6 Nxf6 19. Bb1 Re8 20. Ne2) 18. Nxf6+ Bxf6 19. Bxf6 Nxf6 20. Ne2 $15) 17...
Rc8 18. Qe2 (18. Qa4 $5) 18... Ne4 (18... Nd6 $5 {bedarf näherer Analyse}) 19.
Bxe7 Qxe7 {Nach jedem Abtausch werden die weissen Angriffschancen vermindert.
Dies würde im Endspiel zu einer besseren Stellung des Nachziehenden führen.
Jetzt schon steht die weisse Stellung schlechter (Schauen sie wie die Figuren
vereinzelt stehen Ra1, Rh3, Nb5, Ba2...). Es ist keine Überraschung, dass
Topalov sofort mit folgender Zugwiederholung Remis erzwingt.} 20. Na7 Rc7 (
20... Ra8 $2 21. Nac6 Bxc6 22. Nxc6 Qd6 23. Qxe4 $18) 21. Nb5 Rc8 22. Na7 Rc7
23. Nb5 1/2-1/2

[Event "Escaldes zt"]
[Site "Escaldes"]
[Date "1998.11.08"]
[Round "3"]
[White "Van Wely, Loek"]
[Black "Van der Sterren, Paul"]
[Result "1-0"]
[WhiteElo "2635"]
[BlackElo "2575"]
[Annotator "Donev,I"]
[PlyCount "115"]
[EventDate "1998.11.06"]
[EventType "swiss"]
[EventRounds "9"]
[EventCountry "AND"]
[SourceTitle "CBM 068"]
[Source "ChessBase"]
[SourceDate "1999.02.01"]
[SourceVersion "1"]
[SourceVersionDate "1999.02.01"]
[SourceQuality "1"]

1. d4 Nf6 2. c4 e6 3. Nf3 d5 4. Nc3 Be7 5. Bf4 O-O 6. e3 c5 7. dxc5 Bxc5 8. a3
Nc6 9. b4 Be7 10. cxd5 Nxd5 11. Nxd5 exd5 12. Bd3 Bf6 13. Rc1 Bg4 14. O-O Qe7
15. h3 $146 {Eine sehr interessante Neuerung, die wahrscheinlich Vorteil für
Weiß bringt. Jetzt muß Schwarz entscheiden, wohin er mit seinem Läufer g4
gehen muß. Entweder tauscht er den Läufer für den Springer oder er geht zurück
und verliert dadurch ein Tempo.} (15. Rc5 Rfd8 16. Qc2 Bxf3 17. gxf3 g6 18. Kh1
Be5 19. Bg3 Bd6 20. Bxd6 Rxd6 21. f4 Rad8 22. Rg1 Qf6 23. Qc1 Ne7 24. Rg5 Rc6
25. Rxc6 bxc6 26. Qc5 Rd7 27. Kg2 h6 28. Re5 Qh4 29. h3 d4 30. exd4 Kg7 {
1/2-1/2 Lipinsky,F-Doettling,F/Schierke 1998/EXT 99 (43)}) 15... Bxf3 (15...
Bh5 16. g4 Bg6 17. Rc5 Rad8 18. Bxg6 fxg6 (18... hxg6 19. g5) 19. Rxd5 Qe4 20.
Rd2 $16) 16. Qxf3 Rfd8 17. Rc5 a5 18. Bb5 axb4 19. axb4 Nxb4 20. Rc7 Qe6 21.
Rxb7 Na2 22. Bc7 Rdc8 23. Qg4 Qxg4 24. hxg4 Nc3 25. Bd3 Ne4 26. Bxe4 dxe4 27.
Bf4 Re8 28. g5 Be5 29. Rfb1 g6 30. R1b3 Kg7 31. g3 Kg8 32. R3b4 Bxf4 33. gxf4 {
[%mdl 4096]} {Es ist beispielhaft, wie der Anziehende den minimalen weißen
Vorteil in einen vollen Punkt umwandelt.} Kg7 $14 34. R4b6 Kf8 35. Kg2 $1 {
[%cal Yg2g3,Yg3g4] Zuerst will Weiß seinen König optimal aktivieren.} Rad8 36.
Kg3 Ra8 {Schwarz kann praktisch nur Abwarten und hat nur noch Chancen auf
Remis.} 37. Kg4 {Das Hauptproblem des Nachziehenden in dieser Stellung ist der
abgeschnittene schwache e4 Bauer, der früher oder später Beute der weißen
Figuren werden kann. In einem reinen Bauernendspiel wäre die Stellung für Weiß
gewonnen, weil der Plan f4-f5 nebst Kf4 und Eroberung des Bauern e4
unvermeidlich ist.} Rad8 38. Rb5 $1 {Bereitet Re5 vor.} Re7 39. Rxe7 Kxe7 40.
Re5+ $16 Kf8 41. Rxe4 h5+ 42. Kg3 Rd1 43. Ra4 Rd5 44. Ra6 Kg7 45. f3 Rb5 46. e4
Rc5 47. Ra7 Rb5 48. Re7 Ra5 49. Re5 Ra1 50. Rb5 Rc1 51. f5 Rg1+ 52. Kf4 gxf5
53. Kxf5 h4 54. Rb6 h3 55. Rh6 Rh1 56. f4 h2 57. e5 Kg8 58. g6 1-0

[Event "RUS-Cup9"]
[Site "Novgorod"]
[Date "1997.06.12"]
[Round "2"]
[White "Razuvaev, Yuri S"]
[Black "Asrian, Karen"]
[Result "1/2-1/2"]
[WhiteElo "2565"]
[BlackElo "2440"]
[Annotator "Donev,I"]
[PlyCount "55"]
[EventDate "1997.06.11"]
[EventType "swiss"]
[EventRounds "9"]
[EventCountry "RUS"]
[SourceTitle "CBM 060"]
[Source "ChessBase"]
[SourceDate "1997.09.29"]
[SourceVersion "1"]
[SourceVersionDate "1997.09.29"]
[SourceQuality "1"]

1. d4 d5 2. c4 e6 3. Nc3 Nf6 4. Nf3 Be7 5. Bf4 O-O 6. e3 {Der schwarze Plan
ist ein wenig passiv aber sehr solide und weniger erforscht als die klassische
Fortsetzung 6...c5.} c6 7. h3 Nbd7 {In dieser Variante ist es wichtig zu
beachten, in welcher Zugfolge beide Seiten ihre Figurenentwicklung in der
Erröffnung beenden. Weiß versucht, alle nützliche Züge auszuführen, bevor der
Bf1 entwickelt wird. Auf der Gegenseite hält Schwarz die Spannung im Zentrum
so lange aufrecht, bis der weiße Bf1 gezogen worden ist.} 8. Qc2 Re8 9. Rd1 Nf8
{Weiß hat nun keine weitere nützliche Züge mehr.} 10. Bd3 dxc4 $1 {Löst die
Zentrumsspannung im richtigen Moment.} 11. Bxc4 {Auf dem Brett entsteht die
Bauernstruktur: Weißer Pd4 mit Raumvortiel gegen schwarze Pe6 und Pc6. Der
Hauptplan des Nachziehenden besteht darin, den Pd4 mittels e6-e5 oder c6-c5 zu
untergraben.} Nd5 12. Bg3 Nxc3 13. bxc3 ({Die andere Alternative ist:} 13. Qxc3
Bd6 14. Bxd6 Qxd6 15. O-O b6 16. Rc1 Bb7 17. Be2 Nd7 18. Rfd1 Qe7 19. Ne1 e5
20. dxe5 Nxe5 {mit spätere 1/2-1/2 Kobalija,M-Asrian,K/RUS-Cup2 1996/EXP 56})
13... Bd6 14. Bxd6 Qxd6 15. O-O (15. Bd3 f6 (15... b6 16. Ng5 f5 17. e4 Bb7 18.
O-O c5 19. exf5 cxd4 20. cxd4 Qxd4 $16) 16. e4 b6 17. O-O Bb7 18. e5 $14) 15...
b6 16. Bd3 Qc7 (16... Bb7 17. Ng5 g6 18. f4 c5 19. Qf2 Qe7 $11) (16... f6 17.
e4 $14) 17. c4 c5 $1 18. Ng5 h6 19. Bh7+ Kh8 20. Be4 Rb8 (20... Bb7 21. Bxb7
Qxb7 22. Ne4 Qc7 $14) 21. Nf3 Bb7 22. Bxb7 Qxb7 23. d5 exd5 24. Rxd5 Nd7 25.
Rfd1 Nf6 26. Rd6 Qe4 27. Qb3 Kg8 28. a4 1/2-1/2